Comparative research on the elderly care in Asia-Pacific Region Malaysia, China, Australia and Japan

Na minha lista:
Detalhes bibliográficos
Formato: Livro
Idioma:Undetermined
Publicado em: Japan Asian--Pacific center 2000?
Assuntos:
Tags: Adicionar Tag
Sem tags, seja o primeiro a adicionar uma tag!
Thư viện lưu trữ: Trung tâm Học liệu Trường Đại học Cần Thơ
LEADER 00532nam a2200169Ia 4500
001 CTU_42624
008 210402s9999 xx 000 0 und d
082 |a 362.6 
082 |b C737 
245 0 |a Comparative research on the elderly care in Asia-Pacific Region 
245 0 |b Malaysia, China, Australia and Japan 
260 |a Japan 
260 |b Asian--Pacific center 
260 |c 2000? 
650 |a aged - care,geriatrics 
904 |i Nguyễn Quang Điền, 010704 
980 |a Trung tâm Học liệu Trường Đại học Cần Thơ